แสดงรายละเอียดบรรณานุกรม
  กลับหน้าหลัก

Brief Record : Get Marc (ISO 2709) : E-mail record : QR code ปิดหน้าต่าง
E-books : เกี่ยวกับ Collections
LEADER 00000nama 2200000uu 4500
008    040531s|||| th m m a000 0 tha d
020    978-616-11-0220-3
041    tha
050    WM274 บ892 2553
100    Babor,Thormas F.
245    แบบประเมินปัญหาการดื่มสุรา : แนวปฏิบัติสำหรับสถานพยาบาลปฐมภูมิ = Audit /Thomas F.Babor...[และคนอื่นๆ].
250    พิมพ์ครั้งที่ 2.
260    กรุงเทพฯ. ทานตะวันเปเปอร์. 2553.
300    38 หน้า.
500    หนังสือบริจาค.
600    I.พันธุ์นภา กิตติรัตน์ไพบูลย์,ผู้แปล II.แผนงานการพัฒนาระบบ รูปแบบและวิธีการบำบัดรักษาผู้ที่มีปัญหาการยริโภคสุราแบบบูรณาการ III.ปริทัศน์ ศิลปกิจ,ผู้แปล IV.Babor,Thomas F.
650    1.คนดื่มสุรา--การประเมิน--มาตรฐาน 2 พิศสุราเรื้อรัง--การวินิจฉัย--การประเมิน--มาตรฐาน.
995    001
รายการนี้ยังไม่มีแท็ก
คุณยังไม่ได้ล็อกอิน คุณสามารถมีกิจกรรมร่วมกับเว็บไซต์ได้ แต่ต้องล็อกอินก่อน ::
  ล็อกอิน
ลำดับที่ ประเภท เลขเรียก สถานที่ สถานะ
1. หนังสือทั่วไป
หนังสือทั่วไป
WM274 บ892 2553  
  
หนังสือทั่วไป On Shelf
  ขอยืม
   [แสดง 1/1 รายการ]

รายการใกล้เคียง
    ผู้แต่ง [Babor,Thormas F.]

BibComment


ยังไม่เคยถูกคอมเมนท์

คอมเมนท์ทรัพยากรรายการนี้
  คอมเมนท์: แบบประเมินปัญหากา..
Bib 201374

 
 
 

 Union Library Management : ULibM
Copyright 2026. All Rights Reserved.
скачать бесплатно без регистрации порно красивый секс HD Sex Hindi sex

xxx gou

xxxx

bfxxx

xxxwww

Секса Видео

xxxx

Секса Видео

detube

geilexxx

C99 Shell

worms shell

blod xxx video
Ebony Coed Rihanna Rimes Takes A Dick In Her Young Twat priyaa indian fuck anal and pusssy hardcore indian women xxx desi hardcore fucking part 1 bengalixxxcouple